[Event "7. Arber-Open Bodenmais 2018"]
[Site "Bodenmais"]
[Date "2018.08.03"]
[Round "7.29"]
[White "Tober, Julian"]
[Black "Kneutgen, Alexander"]
[Result "1-0"]
[WhiteElo "1820"]
[BlackElo "1933"]
[PlyCount "73"]
[EventDate "2018.??.??"]
[WhiteTeam "SV Unser Fritz"]
[BlackTeam "SG Niederkassel"]

1. e4 e6 2. d4 d5 3. Nc3 h6 4. exd5 exd5 5. Bd3 Nf6 6. Nge2 c6 7. O-O Bd6 8.
Bf4 O-O 9. Re1 Bg4 10. Qd2 Bxf4 11. Nxf4 Qd6 12. h3 Bd7 13. Re5 Na6 14. Rae1
Nc7 15. Nce2 Be6 16. Ng3 Nd7 17. Rh5 Nf6 18. Nxe6 fxe6 19. Rxh6 gxh6 20. Qxh6
Qd7 21. Re5 Nce8 22. Rg5+ Ng7 23. Bg6 Rf7 24. Nh5 Nfxh5 25. Qh7+ Kf8 26. Qh8+
Ke7 27. Qxa8 Rf8 28. Qxa7 Nf4 29. Bd3 Kf6 30. Rg3 Nf5 31. Rf3 Qc7 32. Bxf5 exf5
33. Qa3 Rg8 34. Qe3 Nxg2 35. Qh6+ Rg6 36. Qf8+ Qf7 37. Rxf5+ 1-0

[Event "7. Arber-Open Bodenmais 2018"]
[Site "Bodenmais"]
[Date "2018.08.03"]
[Round "7.30"]
[White "Bruening, Martin"]
[Black "Brock, Ditmar"]
[Result "1/2-1/2"]
[WhiteElo "1736"]
[BlackElo "1933"]
[PlyCount "74"]
[EventDate "2018.??.??"]
[WhiteTeam "TuS Syke"]
[BlackTeam "SC Bad KÃ¶tzting"]

1. d4 Nf6 2. Nf3 e6 3. c4 b6 4. Nc3 Bb4 5. Qc2 Bb7 6. Bg5 h6 7. Bxf6 Qxf6 8. a3
Bxc3+ 9. Qxc3 c5 10. Rd1 Nc6 11. e3 cxd4 12. exd4 Ne7 13. Be2 Rc8 14. Qd3 O-O
15. O-O Ng6 16. g3 d5 17. cxd5 Bxd5 18. Rc1 Rfd8 19. Rxc8 Rxc8 20. Rd1 Qd8 21.
Ne1 Ne7 22. Bf3 Bxf3 23. Nxf3 Qc7 24. Ne1 Qc4 25. Qxc4 Rxc4 26. Rd2 Rc1 27. Kf1
Kf8 28. Ke2 Ke8 29. Rc2 Rxc2+ 30. Nxc2 Kd7 31. Kd3 Kc6 32. a4 a5 33. Kc4 Nf5
34. Ne3 Nxe3+ 35. fxe3 f5 36. h4 g5 37. hxg5 hxg5 1/2-1/2

[Event "7. Arber-Open Bodenmais 2018"]
[Site "Bodenmais"]
[Date "2018.08.03"]
[Round "7.31"]
[White "Kochendoerfer, Juergen"]
[Black "Rier, Guenter"]
[Result "0-1"]
[WhiteElo "1776"]
[BlackElo "1930"]
[PlyCount "78"]
[EventDate "2018.??.??"]
[WhiteTeam "SV Crailsheim"]
[BlackTeam "SV MÃ¶dling"]

1. b3 e5 2. Bb2 d6 3. e3 f5 4. Bc4 Nf6 5. Nf3 d5 6. Be2 e4 7. Ne5 Bd6 8. f4 O-O
9. c4 c6 10. Nc3 Na6 11. g4 Bxe5 12. fxe5 Nxg4 13. h4 Nxe5 14. cxd5 Nb4 15. Ba3
Nbd3+ 16. Bxd3 Nxd3+ 17. Ke2 Rf7 18. Qg1 cxd5 19. Rf1 Be6 20. Rh2 Qa5 21. Bd6
Qa6 22. Bg3 Ne5+ 23. Kd1 Nf3 24. Rxf3 exf3 25. Be5 Rd8 26. Bd4 Rdd7 27. Rf2 Rc7
28. Rxf3 Qd3 29. Qg3 Rxc3 30. Bxc3 Qb1+ 31. Ke2 h6 32. Qg6 Re7 33. Rg3 Qh1 34.
Bf6 f4 35. Rg1 f3+ 36. Kf2 Qh2+ 37. Kxf3 Qh3+ 38. Ke2 Bf5 39. Qxh6 Qh2+ 0-1

[Event "7. Arber-Open Bodenmais 2018"]
[Site "Bodenmais"]
[Date "2018.08.03"]
[Round "7.33"]
[White "Strahl, Christian"]
[Black "Kronschnabl, Matthias"]
[Result "1-0"]
[WhiteElo "1861"]
[BlackElo "1751"]
[PlyCount "73"]
[EventDate "2018.??.??"]
[WhiteTeam "1.FC Marktleuthen"]
[BlackTeam "SC Bayerwald"]

1. e4 e5 2. Nf3 Nc6 3. Bc4 Nf6 4. Ng5 d5 5. exd5 Nd4 6. c3 b5 7. Bf1 Nxd5 8.
cxd4 Qxg5 9. Bxb5+ Kd8 10. O-O Bb7 11. Qf3 Rb8 12. dxe5 Ne3 13. Qh3 Qxg2+ 14.
Qxg2 Nxg2 15. d4 h6 16. Nc3 Bb4 17. Be2 g5 18. f3 Nf4 19. Bxf4 gxf4 20. Kf2 Ke7
21. Rfd1 Rhg8 22. Rg1 c5 23. Rxg8 Rxg8 24. a3 Ba5 25. dxc5 Bc7 26. Bf1 Bxe5 27.
Ne2 Ba6 28. Re1 Kd7 29. Rd1+ Kc7 30. Nc3 Bxf1 31. Kxf1 Bxc3 32. bxc3 Rg5 33.
Rd4 Rf5 34. Ke2 Kc6 35. Ra4 Kb7 36. Ra5 Rh5 37. c6+ 1-0

[Event "7. Arber-Open Bodenmais 2018"]
[Site "Bodenmais"]
[Date "2018.08.03"]
[Round "7.34"]
[White "Wolff, Peter"]
[Black "Bartels, Vladimir"]
[Result "1-0"]
[WhiteElo "1894"]
[BlackElo "1739"]
[PlyCount "63"]
[EventDate "2018.??.??"]
[WhiteTeam "VSG Offenbach"]
[BlackTeam "Niederlande"]
[BlackTeamCountry "NED"]

1. c4 Nf6 2. g3 e5 3. Bg2 d5 4. cxd5 Nxd5 5. Nc3 Nb6 6. Nf3 Nc6 7. O-O Be7 8.
d3 O-O 9. a3 Be6 10. b4 a6 11. Bb2 f6 12. Rc1 Nd5 13. Ne4 Na7 14. d4 f5 15. Nc5
Bxc5 16. dxc5 e4 17. Nd4 Bd7 18. Qb3 Bc6 19. Ne6 Qe7 20. Nxf8 Rxf8 21. e3 Kh8
22. Rfd1 Rd8 23. Rd2 Nf6 24. Rxd8+ Qxd8 25. Rd1 Qe8 26. Rd2 Qe7 27. Bf1 b5 28.
cxb6 cxb6 29. Qd1 h6 30. Rd6 Ne8 31. Rxh6+ Kg8 32. Bc4+ 1-0

[Event "7. Arber-Open Bodenmais 2018"]
[Site "Bodenmais"]
[Date "2018.08.03"]
[Round "7.35"]
[White "Malditz, Dieter"]
[Black "Rempe, Jonas"]
[Result "1-0"]
[WhiteElo "1878"]
[BlackElo "1567"]
[PlyCount "57"]
[EventDate "2018.??.??"]
[WhiteTeam "SK Ludwigshafen"]
[BlackTeam "SK Doppelbauer Kiel"]

1. d4 Nf6 2. Nf3 g6 3. c4 Bg7 4. Nc3 O-O 5. e4 d6 6. Be2 Na6 7. O-O e5 8. d5
Nc5 9. Nd2 a5 10. Qc2 Bg4 11. Bxg4 Nxg4 12. h3 Nh6 13. Nb3 f5 14. f3 f4 15. Bd2
Qh4 16. Be1 Qh5 17. Nd1 b6 18. Nf2 g5 19. Nc1 Qg6 20. b3 Nf7 21. a3 h5 22. Rb1
Nh6 23. b4 axb4 24. axb4 Nd7 25. Qe2 Kh7 26. Ncd3 Rh8 27. Bc3 Kg8 28. Ra1 Nf6
29. Rxa8+ 1-0

[Event "7. Arber-Open Bodenmais 2018"]
[Site "Bodenmais"]
[Date "2018.08.03"]
[Round "7.36"]
[White "Simacek, Vaclav"]
[Black "Mittermaier, Johann"]
[Result "0-1"]
[WhiteElo "1868"]
[BlackElo "1696"]
[PlyCount "70"]
[EventDate "2018.??.??"]
[WhiteTeam "Å K Sokol Klatovy"]
[BlackTeam "SV Deggendorf"]

1. e4 c5 2. Nf3 e6 3. d4 cxd4 4. Nxd4 a6 5. Nc3 Qc7 6. a3 Nf6 7. f3 Be7 8. Be3
d6 9. Qd2 Nbd7 10. Be2 Ne5 11. O-O Nc4 12. Bxc4 Qxc4 13. b3 Qc7 14. Nce2 d5 15.
e5 Qxe5 16. Bf4 Qh5 17. Ng3 Qg6 18. Rae1 Nd7 19. Ngf5 Bc5 20. Nd6+ Ke7 21. Bg5+
Kxd6 22. Be3 e5 23. b4 Bxd4 24. Bxd4 exd4 25. Qxd4 Qf6 26. Qd2 b5 27. a4 Bb7
28. Re4 Rhe8 29. c4 Rxe4 30. c5+ Kc7 31. fxe4 Qe6 32. Qf4+ Ne5 33. exd5 Qxd5
34. Qg3 g6 35. Rf6 Rd8 0-1

[Event "7. Arber-Open Bodenmais 2018"]
[Site "Bodenmais"]
[Date "2018.08.03"]
[Round "7.37"]
[White "Benischek, Wolfgang"]
[Black "Wunderlich, Matthias"]
[Result "1-0"]
[WhiteElo "2122"]
[BlackElo "1826"]
[PlyCount "57"]
[EventDate "2018.??.??"]
[WhiteTeam "SK Freising"]
[BlackTeam "BSV-KW JÃ¤nschwalde"]

1. c4 e5 2. Nc3 Nf6 3. g3 Nc6 4. Bg2 Bb4 5. Nd5 Bc5 6. e3 O-O 7. Ne2 Re8 8. O-O
d6 9. h3 Rb8 10. d4 exd4 11. exd4 Bb6 12. Bg5 Bf5 13. Rc1 Be4 14. Bxf6 gxf6 15.
Bxe4 Rxe4 16. Qd3 f5 17. Nxb6 axb6 18. f3 Re8 19. Nf4 Qg5 20. Kg2 Ne7 21. h4
Qf6 22. h5 Qg5 23. Rce1 Kg7 24. Re2 Ng8 25. Rfe1 Nf6 26. Re7 Rxe7 27. Rxe7 Kf8
28. Qe3 Ne4 29. Rxe4 1-0

[Event "7. Arber-Open Bodenmais 2018"]
[Site "Bodenmais"]
[Date "2018.08.03"]
[Round "7.38"]
[White "Strangmueller, Andreas"]
[Black "Roesch, Felix"]
[Result "1-0"]
[WhiteElo "1980"]
[BlackElo "1523"]
[PlyCount "49"]
[EventDate "2018.??.??"]
[WhiteTeam "SK Landshut"]
[BlackTeam "SV Urmitz"]

1. d4 Nf6 2. e3 d5 3. Bd3 c5 4. c3 Nc6 5. Nf3 Bg4 6. Nbd2 e5 7. dxe5 Nxe5 8.
Bb5+ Ned7 9. h3 Bf5 10. g4 Bg6 11. g5 Ne4 12. Ne5 Bf5 13. Nxe4 dxe4 14. Qd5 Be6
15. Qxe4 Be7 16. f4 g6 17. Rh2 Rc8 18. Rd2 Rc7 19. b3 Bxh3 20. Bb2 a6 21. Bxd7+
Bxd7 22. O-O-O c4 23. Nxd7 Rxd7 24. Rxd7 Qxd7 25. Rxd7 1-0

[Event "7. Arber-Open Bodenmais 2018"]
[Site "Bodenmais"]
[Date "2018.08.03"]
[Round "7.39"]
[White "Neumann, Lutz"]
[Black "Vennemann, Juergen"]
[Result "0-1"]
[WhiteElo "1815"]
[BlackElo "1887"]
[PlyCount "70"]
[EventDate "2018.??.??"]
[WhiteTeam "BSV Ehrenfriedersdorf"]
[BlackTeam "SC Hersbruck"]

1. e4 c6 2. d4 d5 3. Nc3 dxe4 4. Nxe4 Nf6 5. Nxf6+ gxf6 6. Nf3 Bg4 7. Be2 e6 8.
c3 Qc7 9. Be3 Nd7 10. Nh4 Bxe2 11. Qxe2 O-O-O 12. O-O-O f5 13. g3 h5 14. Bf4
Bd6 15. Bxd6 Qxd6 16. f4 Rde8 17. Rhe1 Kc7 18. Qf3 Nf6 19. Re2 Ne4 20. Qe3 Qd5
21. Kb1 c5 22. Ree1 c4 23. Qe2 Rd8 24. Nf3 Qb5 25. Ka1 h4 26. Nxh4 Rd6 27. Nf3
Ra6 28. Nd2 Nd6 29. Nb1 Qb3 30. Na3 Rxa3 31. bxa3 Qxc3+ 32. Kb1 Nb5 33. Qe5+
Kb6 34. Qc5+ Ka6 35. Qe5 Nxa3# 0-1

[Event "7. Arber-Open Bodenmais 2018"]
[Site "Bodenmais"]
[Date "2018.08.03"]
[Round "7.41"]
[White "Stehlik, Christian"]
[Black "Schreib, Marc"]
[Result "0-1"]
[WhiteElo "1747"]
[BlackElo "1857"]
[PlyCount "90"]
[EventDate "2018.??.??"]
[WhiteTeam "SC Bayerwald"]
[BlackTeam "SK Neuperlach"]

1. e4 c6 2. d4 d5 3. e5 c5 4. c3 Nc6 5. Nf3 Bg4 6. Bb5 e6 7. Be3 cxd4 8. cxd4
Nge7 9. Nbd2 a6 10. Ba4 b5 11. Bb3 Nb4 12. a3 Nd3+ 13. Ke2 Nxb2 14. Qc2 Nc4 15.
Nxc4 dxc4 16. Ba2 Nd5 17. Bd2 Bf5 18. Qb2 Bd3+ 19. Kd1 Rc8 20. Rc1 Be7 21. Ne1
Be4 22. f3 Bg6 23. a4 Rb8 24. axb5 axb5 25. Nc2 O-O 26. Ne3 c3 27. Rxc3 Nxc3+
28. Bxc3 b4 29. Be1 Qd7 30. Bb3 Bc5 31. Nc4 Bxd4 32. Qd2 Rfd8 33. Bh4 Bc3 34.
Qd6 Qe8 35. Bxd8 Rxd8 36. Ke2 Rxd6 37. exd6 e5 38. Rd1 Bf5 39. g4 Bd7 40. Kf2
Bd4+ 41. Kg3 h5 42. h3 hxg4 43. hxg4 g6 44. Re1 Kg7 45. g5 Qh8 0-1

[Event "7. Arber-Open Bodenmais 2018"]
[Site "Bodenmais"]
[Date "2018.08.03"]
[Round "7.42"]
[White "Scheuerer, Werner"]
[Black "Desoye, Gernot"]
[Result "1/2-1/2"]
[WhiteElo "1828"]
[BlackElo "1767"]
[PlyCount "120"]
[EventDate "2018.??.??"]
[WhiteTeam "SC Garching"]
[BlackTeam "SF Graz"]

1. f4 d5 2. Nf3 Nf6 3. g3 g6 4. Bg2 Bg7 5. c3 O-O 6. Na3 c5 7. O-O Nc6 8. Nc2
b6 9. d3 Bb7 10. Bd2 Re8 11. Qc1 e5 12. fxe5 Nxe5 13. Bg5 Nxf3+ 14. Bxf3 Qd6
15. Qd2 Re6 16. Ne3 Bc6 17. Ng4 Nxg4 18. Bxg4 f5 19. Bf3 d4 20. c4 Rae8 21.
Rae1 a6 22. Kg2 Bxf3+ 23. exf3 Qc6 24. Rxe6 Qxe6 25. Kf2 b5 26. b3 Bf8 27. Re1
Qxe1+ 28. Qxe1 Rxe1 29. Kxe1 Bd6 30. Kf2 Kf7 31. cxb5 axb5 32. a4 bxa4 33. bxa4
Ke6 34. Bd2 Kd5 35. Ke2 c4 36. dxc4+ Kxc4 37. a5 Bc5 38. Kd1 Bd6 39. Bf4 Bxf4
40. gxf4 Kb5 41. Kd2 Kxa5 42. Kd3 Kb4 43. Kxd4 Kb3 44. h4 Kc2 45. Ke5 Kd3 46.
h5 Ke3 47. h6 Kxf3 48. Kf6 Kxf4 49. Kg7 g5 50. Kxh7 g4 51. Kg7 g3 52. h7 g2 53.
h8=Q g1=Q+ 54. Kf7 Qa7+ 55. Ke6 Qe3+ 56. Kf7 Qe4 57. Qh4+ Kf3 58. Qh1+ Kg3 59.
Qg1+ Kf3 60. Qh1+ Ke3 1/2-1/2

[Event "7. Arber-Open Bodenmais 2018"]
[Site "Bodenmais"]
[Date "2018.08.03"]
[Round "7.43"]
[White "Brassat, Juergen"]
[Black "Wudi, Tobias"]
[Result "1/2-1/2"]
[WhiteElo "1839"]
[BlackElo "1491"]
[PlyCount "31"]
[EventDate "2018.??.??"]
[WhiteTeam "SC Bavaria Regensburg von 1881"]
[BlackTeam "SC Bayerwald"]

1. d4 d5 2. c4 c6 3. Nf3 Nf6 4. g3 e6 5. Bg2 c5 6. cxd5 exd5 7. O-O Nc6 8. Nc3
Be6 9. b3 Be7 10. Bb2 O-O 11. Rc1 Rc8 12. Na4 cxd4 13. Nxd4 Nxd4 14. Qxd4 b6
15. e3 Qd6 16. h3 1/2-1/2

[Event "7. Arber-Open Bodenmais 2018"]
[Site "Bodenmais"]
[Date "2018.08.03"]
[Round "7.44"]
[White "Steppuhn, Simone"]
[Black "Naumann, Thomas"]
[Result "1/2-1/2"]
[WhiteElo "1570"]
[BlackElo "1710"]
[PlyCount "91"]
[EventDate "2018.??.??"]
[WhiteTeam "BrÃ¼hler SK"]
[BlackTeam "ESV Lok DÃ¶beln"]

1. d4 d5 2. c4 e6 3. Nc3 Nf6 4. Nf3 Be7 5. Bg5 h6 6. Bh4 O-O 7. e3 b6 8. cxd5
Nxd5 9. Bxe7 Nxe7 10. Bd3 Bb7 11. O-O Nd7 12. Rc1 a6 13. b4 Nd5 14. a3 Rc8 15.
Nxd5 exd5 16. Qb3 Qe7 17. Rc3 b5 18. Rfc1 Nb6 19. Bb1 Nc4 20. Qc2 g6 21. h3 Kg7
22. Ne5 Rcd8 23. Nxg6 fxg6 24. Qxg6+ Kh8 25. Qxh6+ Kg8 26. Qg6+ Qg7 27. Qxg7+
Kxg7 28. g3 Rd7 29. g4 Rdf7 30. Bf5 Bc8 31. Bxc8 Rxc8 32. R1c2 Rh8 33. Kg2 Kg6
34. Rc1 Rfh7 35. Rh1 a5 36. Kg3 axb4 37. axb4 Ra8 38. h4 Ra4 39. h5+ Kg7 40.
Rb3 Kf8 41. g5 Ra6 42. Rh4 Nd2 43. Rf4+ Rf7 44. Rxf7+ Kxf7 45. Rb2 Ne4+ 46. Kg4
1/2-1/2

[Event "7. Arber-Open Bodenmais 2018"]
[Site "Bodenmais"]
[Date "2018.08.03"]
[Round "7.45"]
[White "Heydt, Robert"]
[Black "Krejci, Vera Marie"]
[Result "1/2-1/2"]
[WhiteElo "1701"]
[BlackElo "1438"]
[PlyCount "30"]
[EventDate "2018.??.??"]
[WhiteTeam "SK HÃ¶rbranz"]
[BlackTeam "SK Rothenburg"]

1. c4 c6 2. Nc3 d5 3. cxd5 cxd5 4. d4 e6 5. g3 Nc6 6. Bg2 Nf6 7. Nf3 Be7 8. O-O
O-O 9. a3 a6 10. Bf4 b5 11. b4 Bb7 12. Qd3 Bd6 13. Bg5 h6 14. Bd2 Re8 15. e3
Rc8 1/2-1/2

[Event "7. Arber-Open Bodenmais 2018"]
[Site "Bodenmais"]
[Date "2018.08.03"]
[Round "7.46"]
[White "Lehmann, Nils"]
[Black "Tiggemann, Felix"]
[Result "1/2-1/2"]
[WhiteElo "1681"]
[BlackElo "1490"]
[PlyCount "34"]
[EventDate "2018.??.??"]
[WhiteTeam "SV Lahn Limburg"]
[BlackTeam "SF SchÃ¶neck"]

1. d4 d5 2. c4 e6 3. Nc3 c5 4. e3 Nc6 5. Nf3 Nf6 6. Bd3 a6 7. O-O Bd6 8. a3 Qc7
9. dxc5 Bxc5 10. b4 dxc4 11. Bxc4 Be7 12. Qb3 b5 13. Be2 Bb7 14. Bb2 O-O 15.
Rac1 Rac8 16. Rfd1 Rfd8 17. h3 Qb8 1/2-1/2

[Event "7. Arber-Open Bodenmais 2018"]
[Site "Bodenmais"]
[Date "2018.08.03"]
[Round "7.48"]
[White "Kissel, Ralf"]
[Black "Hoffmann, Steffen"]
[Result "1/2-1/2"]
[WhiteElo "1639"]
[BlackElo "1417"]
[PlyCount "135"]
[EventDate "2018.??.??"]
[WhiteTeam "SK Mannheim"]
[BlackTeam "SC NT NÃ¼rnberg"]

1. e4 c5 2. Nf3 Nf6 3. Nc3 d5 4. e5 d4 5. exf6 dxc3 6. bxc3 exf6 7. Bb5+ Bd7 8.
Bxd7+ Nxd7 9. O-O Be7 10. Nh4 O-O 11. Qf3 Qc7 12. Rb1 b6 13. d3 Bd6 14. g3 Be5
15. Qg4 Kh8 16. Bd2 Rg8 17. Rfe1 Rae8 18. Re2 Re6 19. Rbe1 Rge8 20. f4 Bd6 21.
Rxe6 Rxe6 22. Rxe6 fxe6 23. Qxe6 Nf8 24. Qe4 Qd7 25. Nf5 Bc7 26. Qe7 Qxe7 27.
Nxe7 a6 28. Kf2 Bd6 29. Nf5 Bc7 30. c4 g6 31. Ne3 Kg7 32. Nd5 Bd8 33. Bc3 Kf7
34. Kf3 f5 35. h3 Nd7 36. Ke3 Ke6 37. Kf3 b5 38. Ne3 b4 39. Bb2 a5 40. Nd5 Kf7
41. Ke3 Ke6 42. Kf3 Kf7 43. Ne3 Ke6 44. g4 fxg4+ 45. Nxg4 h5 46. Ne5 g5 47.
Nxd7 Kxd7 48. fxg5 Bxg5 49. Ke4 Ke6 50. Be5 a4 51. Bc7 Be7 52. Kf4 Kf6 53. Be5+
Ke6 54. Ke4 Bg5 55. d4 cxd4 56. Bxd4 Bd8 57. c5 Bc7 58. c6 Kd6 59. Be5+ Kxc6
60. Bxc7 Kxc7 61. Kf5 Kd6 62. Kg5 Ke6 63. Kxh5 Kf5 64. Kh4 Kf4 65. Kh5 Kf5 66.
Kh4 Kf4 67. Kh5 Kf5 68. Kh4 1/2-1/2

[Event "7. Arber-Open Bodenmais 2018"]
[Site "Bodenmais"]
[Date "2018.08.03"]
[Round "7.49"]
[White "Karner, Carl-Philipp"]
[Black "Bartels, Christian"]
[Result "1-0"]
[WhiteElo "1555"]
[BlackElo "1614"]
[PlyCount "113"]
[EventDate "2018.??.??"]
[WhiteTeam "ASV Burglengenfeld"]
[BlackTeam "Niederlande"]
[BlackTeamCountry "NED"]

1. e4 c6 2. d4 d5 3. e5 e6 4. f4 c5 5. Nf3 a6 6. c4 f6 7. Be3 b6 8. Qc2 Nh6 9.
Nc3 Bb7 10. cxd5 exd5 11. Bd3 f5 12. Bxf5 g6 13. Bxg6+ hxg6 14. Qxg6+ Kd7 15.
f5 Kc8 16. Bg5 Qd7 17. Qxb6 Nxf5 18. O-O-O c4 19. Rde1 a5 20. Qf6 Ng7 21. e6
Qe8 22. e7 Ra6 23. exf8=Q Qxf8 24. Qxf8+ Rxf8 25. Ne5 a4 26. a3 Nc6 27. Nxc6
Bxc6 28. Be7 Rf2 29. Re2 Rf7 30. Bc5 Kb7 31. Rhe1 Nf5 32. g4 Nh4 33. Re7+ Rxe7
34. Rxe7+ Kc8 35. g5 Nf3 36. g6 Ba8 37. g7 Rg6 38. Re8+ Kb7 39. g8=Q Rxg8 40.
Rxg8 Nxh2 41. Nxa4 Nf3 42. Nc3 Ne1 43. Nxd5 Nd3+ 44. Kb1 Nxc5 45. dxc5 Ka7 46.
Rxa8+ Kxa8 47. Nb6+ Kb7 48. Nxc4 Kc6 49. b4 Kb7 50. b5 Kc7 51. a4 Kb7 52. a5
Ka7 53. b6+ Kb7 54. Nd6+ Kb8 55. c6 Ka8 56. a6 Kb8 57. c7+ 1-0

[Event "7. Arber-Open Bodenmais 2018"]
[Site "Bodenmais"]
[Date "2018.08.03"]
[Round "7.50"]
[White "Schreiber, Egwin"]
[Black "Zametzer, Marcus"]
[Result "1-0"]
[WhiteElo "1586"]
[BlackElo "1293"]
[PlyCount "107"]
[EventDate "2018.??.??"]
[WhiteTeam "SV Deggendorf"]
[BlackTeam "SK Mangfalltal"]

1. e4 c5 2. Nf3 Nc6 3. Bb5 g6 4. O-O Bg7 5. c3 d6 6. Bxc6+ bxc6 7. Qa4 Qb6 8.
d3 Bg4 9. Nbd2 Qb5 10. Qc2 Nf6 11. e5 Nd7 12. exd6 exd6 13. Re1+ Be6 14. Nc4
Qb8 15. Ng5 O-O 16. Nxe6 Re8 17. Bf4 Rxe6 18. Rxe6 fxe6 19. Bxd6 Qe8 20. Qa4
Nb6 21. Nxb6 axb6 22. Qe4 Qd7 23. Bg3 Qd5 24. a3 Qxe4 25. dxe4 b5 26. Bd6 Rd8
27. e5 c4 28. Kf1 Kf7 29. a4 Ra8 30. a5 Ra6 31. f4 Bh6 32. g3 g5 33. fxg5 Bxg5
34. Ke2 Bd8 35. Bb4 Be7 36. Bxe7 Kxe7 37. Ke3 c5 38. Kf4 h6 39. h4 Kf7 40. h5
Kg7 41. g4 Kf7 42. g5 Kg7 43. Kg4 hxg5 44. Kxg5 Ra8 45. a6 Ra7 46. h6+ Kh7 47.
Kf6 b4 48. Kxe6 Kxh6 49. Kf6 Kh7 50. e6 Kg8 51. e7 Ra8 52. a7 b3 53. Ra5 Kh7
54. Kf7 1-0

[Event "7. Arber-Open Bodenmais 2018"]
[Site "Bodenmais"]
[Date "2018.08.03"]
[Round "7.51"]
[White "Gaedt, Mario"]
[Black "Stowicek, Lars"]
[Result "1/2-1/2"]
[WhiteElo "1506"]
[BlackElo "1275"]
[PlyCount "31"]
[EventDate "2018.??.??"]
[WhiteTeam "SV Bergen"]
[BlackTeam "USV Halle"]

1. d4 Nf6 2. Nf3 b6 3. Bg5 Bb7 4. e3 e6 5. Be2 Be7 6. O-O O-O 7. c3 h6 8. Bxf6
Bxf6 9. Nbd2 d6 10. Rc1 Nd7 11. Bd3 e5 12. Re1 Re8 13. dxe5 Nxe5 14. Nxe5 Rxe5
15. Nf3 Re8 16. Bb1 1/2-1/2

[Event "7. Arber-Open Bodenmais 2018"]
[Site "Bodenmais"]
[Date "2018.08.03"]
[Round "7.52"]
[White "Hildebrand, Georg"]
[Black "Nusser, Hans-Karl"]
[Result "1/2-1/2"]
[WhiteElo "1462"]
[BlackElo "1743"]
[PlyCount "67"]
[EventDate "2018.??.??"]
[WhiteTeam "SK Marburg"]
[BlackTeam "MÃ¼nchener SC"]

1. c4 e5 2. a3 Nf6 3. Nc3 g6 4. g3 Bg7 5. Bg2 O-O 6. d3 d6 7. Nf3 Re8 8. Bg5 h6
9. Bc1 Nc6 10. O-O Bd7 11. b4 Kh7 12. b5 Na5 13. Rb1 e4 14. Ne1 exd3 15. exd3
Be6 16. Qa4 b6 17. Bb2 Rb8 18. Nf3 Re7 19. Nd4 Bd7 20. Nc6 Nxc6 21. bxc6 Bf5
22. Rfd1 Ng4 23. Qc2 Qe8 24. h3 Nf6 25. Qd2 Re5 26. Re1 Rxe1+ 27. Rxe1 Be6 28.
g4 Qf8 29. Nb5 Qd8 30. Nd4 Bc8 31. Bc1 Ng8 32. Nf3 b5 33. Qf4 Qf8 34. c5
1/2-1/2

[Event "7. Arber-Open Bodenmais 2018"]
[Site "Bodenmais"]
[Date "2018.08.03"]
[Round "7.53"]
[White "Thullen, Andre"]
[Black "Krawiec, Jan"]
[Result "1-0"]
[WhiteElo "1570"]
[BlackElo "1460"]
[PlyCount "103"]
[EventDate "2018.??.??"]
[WhiteTeam "SV Urmitz"]
[BlackTeam "SV Unser Fritz"]

1. d4 d5 2. c4 c6 3. Nc3 Bf5 4. cxd5 cxd5 5. Qb3 Nc6 6. e3 e6 7. a3 b6 8. Bb5
Nge7 9. Qa4 Qc7 10. Nf3 g6 11. Ne5 Rc8 12. Bxc6+ Nxc6 13. Nb5 Qb7 14. Bd2 a6
15. Rc1 axb5 16. Qxb5 Bd6 17. Rxc6 Rxc6 18. Qxc6+ Qxc6 19. Nxc6 O-O 20. Bb4
Bxb4+ 21. Nxb4 Rc8 22. O-O Bc2 23. Rc1 Kf8 24. Rxc2 Rxc2 25. Nxc2 f5 26. f4 Ke7
27. Kf2 Kf6 28. Nb4 h6 29. a4 g5 30. g3 h5 31. Na6 g4 32. b4 Ke7 33. b5 Kd7 34.
Nb8+ Kc7 35. Nc6 Kb7 36. Nd8+ Kc7 37. Nxe6+ Kd6 38. Nd8 Ke7 39. Nc6+ Ke6 40.
Ke2 Kf6 41. Kd3 Kg6 42. Ne7+ Kf6 43. Nxd5+ Kg6 44. Nxb6 Kh6 45. a5 h4 46. a6
Kh5 47. a7 hxg3 48. hxg3 Kg6 49. a8=Q Kh5 50. Qg8 Kh6 51. Kd2 Kh5 52. Qg5# 1-0

[Event "7. Arber-Open Bodenmais 2018"]
[Site "Bodenmais"]
[Date "2018.08.03"]
[Round "7.54"]
[White "Merkl, Michael"]
[Black "Karayilan, Nilufer"]
[Result "1-0"]
[WhiteElo "1689"]
[BlackElo "1326"]
[PlyCount "91"]
[EventDate "2018.??.??"]
[WhiteTeam "TSV KÃ¶sching"]
[BlackTeam "SV Doorn Driebergen"]

1. e4 c5 2. Nf3 e6 3. d4 cxd4 4. Nxd4 a6 5. Bd3 Qc7 6. O-O Nf6 7. c4 Bc5 8. Nb3
Be7 9. Be3 O-O 10. Nc3 Nc6 11. f4 d6 12. a3 b6 13. Kh1 Bb7 14. Qe2 Rad8 15. Na4
Nd7 16. Rad1 Nc5 17. Naxc5 dxc5 18. Bc2 Rxd1 19. Rxd1 Rd8 20. Rxd8+ Qxd8 21.
Kg1 f6 22. Qg4 Qd7 23. Nd2 Bc8 24. Nf3 f5 25. Qg3 Nd4 26. Bxd4 cxd4 27. Ne5 Qd8
28. Nc6 Qd7 29. Nxe7+ Qxe7 30. e5 Bb7 31. Qe1 Qd8 32. Bd3 Qe7 33. Kf1 Kf8 34.
Qf2 Qd8 35. Ke2 h6 36. g3 g5 37. h3 Kf7 38. g4 Kg6 39. fxg5 Qxg5 40. Qxd4 Qe7
41. gxf5+ exf5 42. Qg4+ Qg5 43. Bxf5+ Kf7 44. Qxg5 hxg5 45. Ke3 Bg2 46. Kd4 1-0

[Event "7. Arber-Open Bodenmais 2018"]
[Site "Bodenmais"]
[Date "2018.08.03"]
[Round "7.55"]
[White "Goerl, Peter"]
[Black "Rempe, Lennik"]
[Result "1-0"]
[WhiteElo "1315"]
[BlackElo "1143"]
[PlyCount "63"]
[EventDate "2018.??.??"]
[WhiteTeam "SC Gardez-Viechtach"]
[BlackTeam "SK Doppelbauer Kiel"]

1. d4 d5 2. Nf3 Nf6 3. b3 e6 4. Bb2 Be7 5. e3 O-O 6. Nbd2 Nbd7 7. Be2 b6 8. O-O
Bb7 9. c4 Rc8 10. Rc1 dxc4 11. Nxc4 c5 12. Qd2 cxd4 13. Bxd4 Nd5 14. Qb2 Bf6
15. Bxf6 N7xf6 16. a3 Nd7 17. Nfe5 Nxe5 18. Nxe5 Qg5 19. Nf3 Qg6 20. Rfd1 f5
21. Bc4 Nf6 22. Bxe6+ Kh8 23. Bxc8 Nh5 24. Bxb7 f4 25. Rc8 Rxc8 26. Bxc8 h6 27.
Rd8+ Kh7 28. Qe5 Nf6 29. Bf5 Qxf5 30. Qxf5+ g6 31. Qxf6 g5 32. Qf7# 1-0

[Event "7. Arber-Open Bodenmais 2018"]
[Site "Bodenmais"]
[Date "2018.08.03"]
[Round "7.56"]
[White "Lindstaedt, Erik"]
[Black "Schloegl, Andreas"]
[Result "1-0"]
[WhiteElo "919"]
[BlackElo "1204"]
[PlyCount "35"]
[EventDate "2018.??.??"]
[WhiteTeam "SV Unser Fritz"]
[BlackTeam "SC Beilngries"]

1. e4 e5 2. f4 c5 3. Nf3 d6 4. Bc4 Bg4 5. O-O h6 6. h3 Bh5 7. g4 Bg6 8. fxe5
Bxe4 9. d3 Bc6 10. Nc3 Qe7 11. Re1 Nd7 12. exd6 Qxe1+ 13. Qxe1+ Kd8 14. Ne5
Nxe5 15. Qxe5 Nf6 16. Bxf7 Kc8 17. Bf4 b6 18. d7+ 1-0

[Event "7. Arber-Open Bodenmais 2018"]
[Site "Bodenmais"]
[Date "2018.08.04"]
[Round "8.1"]
[White "Milov, Leonid"]
[Black "Hausner, Ivan"]
[Result "1-0"]
[WhiteElo "2469"]
[BlackElo "2321"]
[PlyCount "65"]
[EventDate "2018.??.??"]
[WhiteTeam "SC NT NÃ¼rnberg"]
[BlackTeam "SC Bayerwald"]

1. e4 c5 2. Nf3 d6 3. d4 cxd4 4. Nxd4 Nf6 5. Nc3 a6 6. Be3 Nc6 7. f3 e6 8. Qe2
Be7 9. O-O-O Nxd4 10. Bxd4 O-O 11. Qf2 b5 12. Kb1 Bb7 13. g4 Nd7 14. h4 b4 15.
Na4 d5 16. exd5 Bxd5 17. Bd3 Bc6 18. Nb6 Nxb6 19. Bxb6 Qb8 20. Rh3 Qb7 21. h5
Rab8 22. Bd4 Rfd8 23. g5 Bb5 24. f4 Bxd3 25. Rhxd3 Qe4 26. h6 g6 27. Be5 Rbc8
28. Rxd8+ Rxd8 29. Rxd8+ Bxd8 30. b3 Bxg5 31. Qb6 Bxh6 32. Qd8+ Bf8 33. Qf6 1-0